| 000 | 01190nam a22003497a 4500 | ||
|---|---|---|---|
| 003 | CHAP | ||
| 005 | 20220329143658.0 | ||
| 008 | 110113s2008 mx a r 00010 spa d | ||
| 010 | _a100227 | ||
| 011 | _a101199 | ||
| 020 | _a9789685923491 | ||
| 035 | _a111886 | ||
| 040 | _cCHAP | ||
| 082 | 0 | 4 |
_a633.15097243 _bL97 |
| 100 | 0 | 0 |
_aLuna Flores, Maximino. _969047 |
| 245 | 1 | 3 |
_aEl cultivo del maíz en Zacatecas _c/por Maximino Luna Flores |
| 260 |
_aZacatecas. Zac : _bUniversidad Autónoma de Zacatecas. Coordinación de Investigación y Posgrado, _c2008 |
||
| 300 |
_a129 p. : _bilus., gráf., tablas |
||
| 590 |
_aBATCH-UPD _b10 _c20130110 _lUCH01 _h0838 |
||
| 590 |
_aBATCH-UPD _b10 _c20130410 _lUCH01 _h0516 |
||
| 590 |
_aBATCH-UPD _b10 _c20130914 _lUCH01 _h1735 |
||
| 590 |
_aCONVERSION _b10 _c20130109 _lUCH01 _h1355 |
||
| 650 | 1 | 4 |
_aMaíz _xEstadísticas. _970949 |
| 650 | 1 | 4 |
_aMaíz _xFisiología y morfología. _970958 |
| 650 | 1 | 4 |
_aMaíz _xHistoria. _970972 |
| 650 | 1 | 4 |
_aMaíz _xRendimiento. _971051 |
| 650 | 1 | 4 |
_aMaíz _zZacatecas. _971104 |
| 901 | _aBK | ||
| 911 | _aen proceso | ||
| 942 | _cLIBRO | ||
| 949 |
_a633.15097243 _bBC _cLIBRO _d33724002229694 _eLIBRO _h113991 _i111886 _si |
||
| 999 |
_c100227 _d100227 |
||